书目信息 |
| 题名: |
爱的陷阱
|
|
| 作者: | 哈里斯 著 ;王红旭 , 祝卓宏 译 | |
| 分册: | ||
| 出版信息: | 北京 机械工业出版社 2025.06 |
|
| 页数: | 233页 | |
| 开本: | 23cm | |
| 丛书名: | ||
| 单 册: | ||
| 中图分类: | C912.11 | |
| 科图分类: | ||
| 主题词: | 人际关系学--通俗读物 | |
| 电子资源: | ||
| ISBN: | 978-7-111-77368-9 | |
| 000 | 01331nam0 2200277 450 | |
| 001 | 013704319 | |
| 005 | 20251022160742.25 | |
| 010 | @a978-7-111-77368-9@dCNY69.00 | |
| 100 | @a20250715d2025 em y0chiy0120 ea | |
| 101 | 1 | @achi@ceng |
| 102 | @aCN@b110000 | |
| 105 | @ay z 000yy | |
| 106 | @ar | |
| 200 | 1 | @a爱的陷阱@9ai de xian jing@e如何让亲密关系重获新生@dAct with love@estop struggling, reconcile differences, and strengthen your relationship with acceptance and commitment therapy@f(澳)路斯·哈里斯(Russ Harris)著@g王红旭,祝卓宏译@zeng |
| 210 | @a北京@c机械工业出版社@d2025.06 | |
| 215 | @a233页@d23cm | |
| 305 | @aNew Harbinger Publications通过Big Apple Agency授权出版 据原书第2版译出 | |
| 330 | @a本书基于科学高效的方法,帮助读者跳出那些消耗感情的常见陷阱,重燃亲密关系中的爱与活力。带读者金额直面这些阻碍幸福的迷思,停止无效的内耗,接纳关系中真实的差异,并用实际行动重建信任与联结。 | |
| 510 | 1 | @aAct with love@estop struggling, reconcile differences, and strengthen your relationship with acceptance and commitment therapy@zeng |
| 606 | 0 | @a人际关系学@j通俗读物 |
| 690 | @aC912.11@v5 | |
| 701 | 0 | @c(澳)@a哈里斯@9ha li si@c(Harris, Russ)@4著 |
| 702 | 0 | @a王红旭@9wang hong xu@4译 |
| 702 | 0 | @a祝卓宏@9zhu zhuo hong@4译 |
| 801 | 0 | @aCN@c20250909 |
| 905 | @a河南城建学院图书馆@dC912.11@eH023@ZH023@f1 | |
| 爱的陷阱:如何让亲密关系重获新生=Act with love:stop struggling, reconcile differences, and strengthen your relationship with acceptance and commitment therapy/(澳)路斯·哈里斯(Russ Harris)著/王红旭,祝卓宏译.-北京:机械工业出版社,2025.06 |
| 233页;23cm |
| ISBN 978-7-111-77368-9:CNY69.00 |
| 本书基于科学高效的方法,帮助读者跳出那些消耗感情的常见陷阱,重燃亲密关系中的爱与活力。带读者金额直面这些阻碍幸福的迷思,停止无效的内耗,接纳关系中真实的差异,并用实际行动重建信任与联结。 |
| ● |
| 相关链接 |
|
|
|
正题名:爱的陷阱
索取号:C912.11/H023
 
预约/预借
| 序号 | 登录号 | 条形码 | 馆藏地/架位号 | 状态 | 备注 |
| 1 | 1632930 | 216329300 | 社科库509/509社科库 58排6列2层/ [索取号:C912.11/H023] | 在馆 |